000 00518nam a2200181Ia 4500
008 220216s9999 xx 000 0 und d
100 _aShreeja T D
245 0 _aStudies on acronitrile butadiene rubebr- Short nylon fiber composites
260 _bJournal of Elastomers and Plastics
_c2002
300 _a157-169
650 _aAcronitrile butadiene rubber
650 _aComposite
650 _aCure characteristics
650 _aFiber
650 _aMechanical properties
700 _aKutty S K N
942 _cJS
999 _c69545
_d69545